000 01270nam a22003617a 4500
003 CHAP
005 20220329135628.0
008 971013s1995 r 00010 d
010 _a39614
011 _a40586
035 _a44712
040 _cCHAP
090 _aTesis
100 0 0 _aFregoso González, Joaquín.
_943139
245 _aObtención de líneas A, B y R de sorgo (Sorghum bicolor L. Moench) tolerantes a frío para la Mesa Central de México
260 _aChapingo, Méx. :
_bEl autor,
_c1995
300 _a78 h.
502 _aTesis (Ing. Agr. Esp. en Fitotecnia) -- UACH. Departamento de Fitotecnia
590 _aALEPH
_b10
_c20130110
_lUCH01
_h1307
590 _aBATCH-UPD
_b10
_c20130110
_lUCH01
_h1944
590 _aBATCH-UPD
_b10
_c20130410
_lUCH01
_h1306
590 _aBATCH-UPD
_b10
_c20130914
_lUCH01
_h1444
590 _aCONVERSION
_b10
_c20130109
_lUCH01
_h1322
650 1 4 _aEsterilidad en plantas.
_938292
650 1 4 _aFrío
_xEfecto en sorgo.
_943544
650 1 4 _aSorgo
_xHíbridos.
_9108681
650 1 4 _aSorgo
_xMejoramiento.
_9108694
650 1 4 _aSorgo
_xResistencia al frío.
_9108716
901 _aBK
942 _cFOLL
949 _bBC
_cTES
_d-102459
_eTS1
_h27925
_i44712
_si
949 _bBC
_cTES
_d33724000005781
_eTS2
_fc.2
_h27926
_i44712
_si
999 _c39614
_d39614